Škodní inflace se zvyšuje. Nejen kvůli ekonomické situaci
Hlavné trendy a riziká povinného ručenia vychádzajúce z aktuálneho vývoja v roku 2022. Škody v rámci povinného ručenia významne rastú, a to predovšetkým v súvislosti s eskaláciou cien za opravy vozidiel, čo je spojené s aktuálnou ekonomickou situáciou, vysokou infláciou a nárastom záväzkov v prípade...
Saved in:
| Main Author: | |
|---|---|
| Format: | Book Chapter |
| Language: | Czech |
| Subjects: | |
| Tags: |
No Tags, Be the first to tag this record!
|
MARC
| LEADER | 00000naa a2200000 4500 | ||
|---|---|---|---|
| 001 | 0298904 | ||
| 005 | 20240417075301.2 | ||
| 041 | 0 | |a cze | |
| 044 | |a CZ | ||
| 245 | 1 | 0 | |a Škodní inflace se zvyšuje. Nejen kvůli ekonomické situaci |c Petr Jedlička |
| 520 | |a Hlavné trendy a riziká povinného ručenia vychádzajúce z aktuálneho vývoja v roku 2022. Škody v rámci povinného ručenia významne rastú, a to predovšetkým v súvislosti s eskaláciou cien za opravy vozidiel, čo je spojené s aktuálnou ekonomickou situáciou, vysokou infláciou a nárastom záväzkov v prípade odškodnenia za zdravotné následky. Pomyselné nožnice medzi objemom škôd, ktoré poisťovne riešia, v porovnaní s výškou povinného ručenia sa tak stále otvárajú. | ||
| 610 | 2 | 0 | |a inflácia |
| 610 | 2 | 0 | |a poisťovníctvo |
| 610 | 2 | 0 | |a škody |
| 610 | 2 | 0 | |a ručenie |
| 610 | 2 | 0 | |a udalosti poistné |
| 610 | 2 | 0 | |a odškodnenie |
| 610 | 2 | 0 | |a Česko |
| 100 | 1 | |a Jedlička, Petr | |